Pays situés dans l'hémisphère Sud - Mort subite - Statistiques

Statistiques générales
  • Ce quiz a été pris 117 fois
  • Le résultat moyen est 10 sur 20
Answers on the Grid
Answers color-coded by a green-red scale on the quiz's grid according to % correct below.
Sénégal
Australie
Somalie
Chili
Pérou
Panama
Sri Lanka
Tanzanie
Madagascar
Papouasie Nouvelle-Guinée
Oman
Vanuatu
Afrique du Sud
Angola
Botswana
Thailande
Malawi
Erythrée
Lesotho
Djibouti
Comores
Tonga
Namibie
Burkina Faso
Palaos
Samoa
Fidji
Zimbabwe
Paraguay
Bolivie
 
Statistiques - réponses
Réponse % Correct
Australie
66%
Chili
64%
Afrique du Sud
61%
Madagascar
58%
Fidji
57%
Comores
55%
Paraguay
52%
Vanuatu
51%
Lesotho
49%
Tonga
49%
Zimbabwe
49%
Namibie
48%
Botswana
46%
Samoa
46%
Papouasie Nouvelle-Guinée
45%
Pérou
43%
Bolivie
42%
Angola
40%
Tanzanie
39%
Malawi
28%
Aucun quiz correspondant
Distribution des résultats
% des personnes avec chaque résultat
Percentile par nombre de réponses
Votre historique - résultats
Vous n’avez pas pris ce quiz